صيد الخاطر

Bibliographic Details
Main Author: ابن الجوزي، ابو الفرج عبد الرحمن بن علي (Author)
Format: Book
Published: Bayrut : Dar al-Kutub al-Ilmiyah , [19--]
Subjects:

MARC

LEADER 00000cam a2200000 7i4500
001 0000005745
005 20160310093000.0
008 021119n
090 0 0 |a BJ1318.A7   |b J3 
100 0 |a ابن الجوزي، ابو الفرج عبد الرحمن بن علي ,   |e author 
245 1 0 |a صيد الخاطر   |c ابو الفرج عبد الرحمن بن الجوزي 
260 2 |a Bayrut :   |b Dar al-Kutub al-Ilmiyah ,   |c [19--] 
300 |a 495 p. ;   |c 24 cm. 
650 0 |a Islamic ethics   |v Early works to 1800 
745 0 0 |a Sayd al-khatir 
999 |a 1000013373   |b Book   |c OPEN SHELF (30 DAYS)   |e Gong Badak Campus 
999 |a 1000039643   |b Book   |c OPEN SHELF (30 DAYS)   |e Gong Badak Campus